Unasylva Vol.49(N.194, N.195 ) Accommodating multiple interets in forestry,An international journal of forestry and forest industries: Đóng bộ

Tallennettuna:
Bibliografiset tiedot
Päätekijä: FAO
Aineistotyyppi: Kirja
Kieli:Undetermined
Julkaistu: Rome FAO 1998
Aiheet:
Tagit: Lisää tagi
Ei tageja, Lisää ensimmäinen tagi!
Thư viện lưu trữ: Trung tâm Học liệu Trường Đại học Cần Thơ
LEADER 00601nam a2200193Ia 4500
001 CTU_34747
008 210402s9999 xx 000 0 und d
082 |a 634 
082 |b U54/1998 
100 |a FAO 
245 0 |a Unasylva Vol.49(N.194, N.195 ) 
245 0 |b Accommodating multiple interets in forestry,An international journal of forestry and forest industries: Đóng bộ 
245 0 |c FAO 
260 |a Rome 
260 |b FAO 
260 |c 1998 
650 |a forests and forestry 
904 |i Nguyễn Quang Điền, 000104 
980 |a Trung tâm Học liệu Trường Đại học Cần Thơ